| 000 | 01671nam a2200529 i 4500 | ||
|---|---|---|---|
| 001 | 34594 | ||
| 003 | KOSZ 005 | ||
| 005 | 20190801103453.0 | ||
| 008 | 000301s1999 pl a f f |000 0 pol | ||
| 015 | _aPB 2000/5817 | ||
| 020 | _a8371990804 | ||
| 035 | _a991013004559705066 | ||
| 035 | _a(PL-WaBN)b13510873-48omnis_nlop | ||
| 035 | _ab13510873 | ||
| 035 | _a(OCoLC)749258213 | ||
| 035 | _a(PL)b0000001351087 | ||
| 035 | _a(EXLNZ-48OMNIS_NETWORK)9910407260805606 | ||
| 040 |
_aWA N _cWA N _dKOSZ 005/HR |
||
| 041 | 0 | _apol | |
| 046 | _k1999 | ||
| 080 | _a62-82/-83 | ||
| 080 | _a62-5 | ||
| 080 | _a681.5 | ||
| 080 | _a(075.8) | ||
| 100 | 1 |
_aBurek, Jan _eAutor |
|
| 245 | 1 | 0 |
_aPodstawy napędu i sterowania maszyn / _cJan Burek. |
| 260 |
_aRzeszów : _bOficyna Wydawnicza Politechniki Rzeszowskiej, _c1999. |
||
| 300 |
_a127 s. : _bil. ; _c24 cm. |
||
| 336 |
_2rdacarrier _aWolumin _bnc |
||
| 337 |
_2rdamedia _aBez urządzenia pośredniczącego _bn |
||
| 338 |
_2rdacarrier _aWolumin _bnc |
||
| 380 | _aKsiążki | ||
| 380 | _aPublikacje dydaktyczne | ||
| 385 |
_mPoziom nauczania _aSzkoły wyższe |
||
| 388 | _a1901-2000 | ||
| 388 | _a1989-2000 | ||
| 504 | _aBibliogr. | ||
| 521 | 8 | _aDla studentów Wydz. Budowy Maszyn i Lotnictwa. | |
| 650 | 7 |
_aNapęd _2DBN |
|
| 650 | 7 |
_aSterowanie _2DBN |
|
| 655 | 7 |
_aPodręczniki akademickie _2DBN |
|
| 658 | _aInżynieria i technika | ||
| 710 | 2 |
_aOficyna Wydawnicza Politechniki Rzeszowskiej _4pbl |
|
| 856 |
_uhttp://koha.tu.koszalin.pl/cgi-bin/koha/opac-detail.pl?biblionumber=34594 _yKatalog online BPK |
||
| 942 |
_2UKD _cKS |
||
| 999 |
_c34594 _d34594 |
||